000
00285nam a22001217a 4500
040
_c
SY
082
_a
631
100
_a
អ៊ឹម ឈួន
245
_a
ដើម្បីយល់ការវិភាគដី
260
_a
NA
_b
អ៊ឹម
_c
1989
300
_a
192p.
942
_c
KB
999
_c
9999
_d
9999